[Event "Elbow Beach Club GM-A"]
[Site "Paget Parish"]
[Date "2001.01.24"]
[Round "5"]
[White "Stefansson, Hannes"]
[Black "Lesiege, Alexandre"]
[Result "1/2-1/2"]
[WhiteElo "2570"]
[BlackElo "2582"]
[Annotator "Ribli,Z"]
[PlyCount "74"]
[EventDate "2001.01.20"]
[EventType "tourn"]
[EventRounds "10"]
[EventCountry "BER"]
[EventCategory "13"]
[SourceTitle "CBM 081"]
[Source "ChessBase"]
[SourceDate "2001.03.20"]
[SourceVersion "1"]
[SourceVersionDate "2001.03.20"]
[SourceQuality "1"]

1. c4 c5 2. Nf3 Nc6 3. Nc3 e5 {Dieser Zug schwächt das Feld d5, aber Weiß kann
dafür nicht so leicht d2-d4 ziehen. Diese Spielweise ist in letzter Zeit
populär.} 4. e3 (4. g3) 4... Nf6 (4... f5) 5. d4 cxd4 6. exd4 e4 7. Ng5 Bb4 {
Schwarz hat lebendiges Figurenspiel. Sein Pe4 ist zwar prinzipiell schwach,
dafür bekommt er taktische Gegenchancen.} 8. d5 Ne5 $6 {Ich bin mir nicht
sicher, ob diese natürliche Fortsetzung wirklich die beste Wahl für Schwarz
ist.} (8... Bxc3+ $1 {Durch Zugumstellung haben wir eine für Weiß vorteilhafte
Stellung erreicht. Die Zugfolge des Originals wäre: 1.e4 c5 2.Nf3 e6 3.c4 Nc6
4.Nc3 Nf6 5.Be2 d5 6.cxd5 exd5 7.e5 Ng4 8.Bb5 d4 9.Bxc6. Wir haben hier genau
dieselbe Stellung mit vertauschten Farben, denn in der Originalvaraiante hat
Weiß ein Tempo mit 5.Be2 8.Bb5 abgeben.} 9. bxc3 Na5 10. Ba3 d6 11. c5 O-O 12.
cxd6 e3 $36) 9. Bd2 (9. Qd4 d6 10. Ngxe4 Nxe4 11. Qxe4 O-O $44) (9. Be2) 9...
Qe7 (9... O-O 10. Qc2 (10. Qb3 Bxc3 11. Bxc3 Re8 12. h4 d6 13. O-O-O h6 14. f4
Ned7 15. Be2 Nc5 16. Qc2 Bf5 {0-1 Ostenstad,B-Schussler,H/Gausdal 1990/CBM 16
ext (35)}) 10... Re8 11. O-O-O d6 12. Ngxe4 Bf5 13. f3 Nxe4 14. fxe4 Bg6 15. a3
Ba5 16. Re1 Rc8 17. b3 a6 18. Kb2 Qd7 19. h4 h5 20. g3 b5 $132 {0-1 Ziegler,
A-Bator,R/Sweden 1999/CBM 73 ext (28)}) 10. Be2 (10. Ncxe4 Nxe4 11. Nxe4 Nxc4
12. Bxc4 Qxe4+ 13. Qe2 Bxd2+ 14. Kxd2 Qxe2+ 15. Kxe2 d6 16. Rhe1 Kd8 17. Ke3
Bd7 18. Kd4 Rc8 $11 {Piket,J-Almasi,Z/Groningen 74/(42) 1998/Inf 74 (18)}) (10.
Qb3 O-O 11. Ncxe4 Bxd2+ 12. Kxd2 d6 $13) 10... Nd3+ (10... h6 11. d6 Qxd6 12.
Ngxe4 Nxe4 13. Nxe4 Bxd2+ 14. Qxd2 Qxd2+ 15. Kxd2 Ke7 $14 {1/2-1/2 Degerman,
L-Ernst,T/Linkoping 1996/EXT 99 (48) Ernst: [#] Weiß hat die bessere
Bauernstruktur.}) (10... O-O 11. O-O Bxc3 12. Bxc3 h6 $6 (12... d6 13. Qc2 Bf5
$13 {<=>}) 13. d6 $1 Qe8 14. Nh3 b6 15. f4 (15. Qd4 $1 Nc6 16. Qe3 Qe6 17. Rad1
$16) 15... exf3 16. Bxf3 Nxf3+ 17. Qxf3 Ne4 18. Rae1 f5 $14 {Zakharov,
A-Maiorov,O/Krasnodar 1997/Inf 69/[Maiorov,O] (18)}) (10... Bxc3 11. Bxc3 d6
12. O-O h6 13. Nh3 Bxh3 14. gxh3 Nfd7) 11. Kf1 $5 {Dieser Zug macht einen
logischen Eindruck - der weiße König muss sich in jedem Fall nach f1 bequemen,
aber mit Bxd3 kann er noch ein wenig warten.} (11. Bxd3 exd3+ 12. Kf1 h6 13.
Qf3 Bxc3 14. Bxc3 Qe2+ 15. Kg1 O-O 16. Bxf6 Re8 17. Qxe2 dxe2 18. Bc3 hxg5 19.
f3 d6 20. Kf2 Bf5 21. Rac1 Bd3 22. Bb4 b5 23. cxb5 Re5 24. a4 Rxd5 25. b3 {
1/2-1/2 Gausel,E-Karlsson,L/Oslo 1994/EXT 97 (68)}) 11... O-O (11... h6 12.
Ngxe4 Nxe4 (12... Nxb2 13. Nxf6+ Qxf6 14. Qb3 $18) 13. Bxd3 Bxc3 14. Bxc3 Nxc3
15. bxc3 $14) 12. Bxd3 (12. Ngxe4 Nxb2 (12... Nxe4 13. Bxd3 Bxc3 14. Bxc3 Nxc3
15. bxc3 d6 $44) 13. Nxf6+ Qxf6 14. Qb3 Bc5 15. Be1 Qb6 16. Rb1 $18) 12... exd3
13. Qf3 {[%cal Rf3d3,Ga1e1,Ge1e7]} h6 14. Re1 (14. Nh3 Bxc3 15. Bxc3 Ne4 16.
Qxd3 d6 17. Re1 Bf5 (17... f5 $2 18. Nf4 $18) 18. Qf3 Bh7 $44) 14... Qc5 15.
Nge4 (15. Nce4 Nxe4 16. Nxe4 Qxc4 17. b3 Qa6 $13 18. Bxb4 $2 d2+ $19) 15...
Nxe4 16. Rxe4 $14 {Schwarz hat Probleme bei der Verteiidigung des Pd3, aber
der weiße König steht unsicher auf f1 und der Rh1 ist eingeschlossen.} (16.
Nxe4 Qxc4 $13) (16. Qxe4 b5 $1 17. cxb5 Bxc3 18. Bxc3 Bb7 $132) 16... d6 {
Schwarz befreit seinen Bc8. 17.Qxd3 scheitert an 17...Bf5.} 17. a3 (17. Qg3 Bf5
18. Bxh6 Bxc3 19. bxc3 Bg6 $19) 17... Bxc3 18. Bxc3 {[%csl Gc3][%cal Gc3g7]} f6
{Mit diesem prophylaktischen Zug vermeidet Schwarz Unannehmlichkeiten auf der
Diagonale a1-h8.} (18... Bd7 19. Qg3 f6 20. Bb4 Qb6 (20... d2 21. Bxd2 $16 (21.
Ke2 $16)) 21. Re7 Rf7 22. Rxf7 Kxf7 23. Qxd3 $16) 19. Qf4 {[%cal Rc3b4,Rb4d6]}
a5 20. g4 {Weiß bereitet den Zug 21.Kg2 vor und gewinnt Raum am Königsflügel.}
Bd7 21. Kg2 (21. Re7 Rf7 22. Rxf7 Kxf7 $11) 21... Rae8 22. Rhe1 b5 $1 $132 {
Bei eingeschränkter Bedenkzeit ist es nicht leicht, alle Varianten
durchzurechnen, aber dieser Zug verschafft Schwarz offensichtlich taktische
Gegenchancen.} (22... Rxe4 23. Rxe4 Re8 24. Rxe8+ Bxe8 25. Qe4 {[%cal Re4e8,
Re4d3]} Ba4 (25... Bd7 26. Qxd3 Bxg4 27. Bxf6 $1 $16) (25... Bf7 26. Qxd3 b5
27. cxb5 $16) 26. Qxd3 Bb3 27. Bb4 Qxc4 28. Qxc4 Bxc4 29. Bxd6 Bxd5+ $11) 23.
b4 Qc8 (23... Qc7 24. c5 $16 {[%cal Gf4c7]}) (23... axb4 24. Bxb4 $16) 24. bxa5
(24. Qxd6 bxc4 $13) 24... Rxe4 25. Rxe4 Re8 (25... g5 26. Qxd6 bxc4 27. h3 $16
{[%csl Rg8]}) 26. Rxe8+ (26. Rd4 $5) 26... Bxe8 {[%cal Ge8f7] Weiß hat einen
Mehrbauern, doch der Wirkungsradius des Bc3 ist eingeschränkt und auch die
weiße Königsstellung ist schwach.} 27. Kf3 {Weiß verteidigt den Pg4 mit dem
König, um seine Dame von dieser Aufgabe zu entbinden.} Bf7 $1 {[%mdl 256]} (
27... bxc4 28. Qxd6 $16) (27... Qxc4 $2 28. Qxc4 bxc4 29. a6 Bf7 30. Ke4 $18)
28. Qxd6 Qxc4 (28... bxc4 29. a6 $18) 29. Qb4 {Weiß kann den Pd5 nicht
verteidigen. Dennoch besitzt er einen kleinen Positionsvorteil, sein Pa5 ist
stark.} d2 $5 {[%mdl 64]} (29... Bxd5+ 30. Ke3 $14) 30. Qxc4 (30. Bxd2 $2 Qd3+
31. Be3 Bxd5+ 32. Kg3 Qf1 {Der weiße Mehrbauer ist nichts wert - Schwarz hat
starken Angriff auf den weißen Feldern.} 33. Kf4 Qg2 $19) 30... d1=Q+ 31. Qe2
Bxd5+ 32. Ke3 Qc1+ 33. Kd4 (33. Qd2 Qh1) 33... Bf7 34. Bb4 (34. a6 Qf4+ 35. Kc5
Qc7+ 36. Kb4 Qd6+ 37. Kxb5 Qd5+ $11) 34... Qf4+ $11 35. Kc3 (35. Kc5 Qc7+ 36.
Kxb5 Qb7+ 37. Kc5 Qd5+ 38. Kb6 Qd8+ $11) 35... Qc1+ {Aufgrund seiner
schlechten Königsstellung muss sich Weiß mit dem Remis zufriedengeben.} 36. Kd4
(36. Qc2 Qa1+ 37. Qb2 Qe1+ $11) 36... Qf4+ 37. Kc3 Qc1+ 1/2-1/2

[Event "EU-Cup 13th Group2"]
[Site "Eupen"]
[Date "1997.09.22"]
[Round "1"]
[White "Slutzky, Leonid"]
[Black "Miezis, Normunds"]
[Result "1-0"]
[WhiteElo "2355"]
[BlackElo "2515"]
[Annotator "Ribli,Z"]
[PlyCount "80"]
[EventDate "1997.09.22"]
[EventType "team-k.o."]
[EventRounds "3"]
[EventCountry "BEL"]
[SourceTitle "EXT 2020"]
[Source "ChessBase"]
[SourceDate "2019.10.17"]
[SourceVersion "1"]
[SourceVersionDate "2019.10.17"]
[SourceQuality "1"]
[WhiteTeam "Herzliya Chess Club"]
[BlackTeam "Liepaja Baltika"]
[WhiteTeamCountry "ISR"]
[BlackTeamCountry "LAT"]

1. Nf3 c5 2. c4 Nf6 3. Nc3 d5 4. cxd5 Nxd5 5. d4 (5. e3) (5. e4) (5. g3) 5...
cxd4 (5... g6 $6 6. Nxd5 (6. e4 Nxc3 7. bxc3 Bg7 {So gelangt man in die
Abtauschvariante der Gr�nfeldindischen Verteidigung. Ribli.}) 6... Qxd5 7.
Qc2 $1 $14) 6. Qxd4 Nxc3 7. Qxc3 $5 (7. Qxd8+ Kxd8 8. bxc3 f6 (8... Nc6 9. Bf4
(9. e4 e5 10. Bc4 f6 11. Be3 Kc7 12. O-O Be7 13. Bd5 Bd7 14. c4 Rac8 15. c5 Kb8
16. Rab1 {1/2-1/2 Giemsa,S-Waldschlaeger,J/BL2-N 1989 (21)}) 9... f6 10. e4 e5
11. Be3 Be6 12. Bb5 Kc7 13. Nd2 Be7 14. Ke2 Na5 15. Rhb1 b6 16. Ba6 Nb7 17. a4
Nc5 18. Bxc5 Bxc5 19. Bc4 Bd7 20. Bd5 Rab8 21. Nb3 Bc6 22. Nxc5 bxc5 23. Kd3
Kd6 {Angelova,P-Gruenberg,R/Dortmund WA 1988/1-0 (63)}) 9. e4 e5 10. Bc4 Bc5
11. Ke2 Nd7 12. Rd1 Ke7 13. Bb3 Nb6 14. Nxe5 Be6 15. Nd3 Bd6 16. Bf4 $14 {
Shurygin, S-Sergienko,S/Decin op 1996/EXP 53/1/2-1/2 (46)}) 7... Bf5 {Schwarz
enwickelt seinen L�ufer und verhindert die M�glichkeit 8.e4.} (7... Nc6 8.
e4 e6 9. Bb5 Bd7 10. O-O Qb6 11. a4 Qc5 12. Qd3 Qd6 13. Qe2 a6 14. Bd3 Qc7 15.
e5 $36 {Van Wely-Landa/Leeuwarden op/1997/}) (7... e6) 8. Nd4 (8. Qb3 Qb6 9.
Qxb6 axb6 10. Nd4 Bd7 11. e4 e6 12. f3 Na6 13. Be3 Nb4 14. Kf2 Bc5 15. Bc4 e5
16. Nb5 Bxe3+ 17. Kxe3 Ke7 18. Rhc1 Rhc8 19. Na3 {1/2-1/2 Quinn,M-Fridman,D/
WchJM-U18 1993/ TD 93\05}) (8. e3 Nc6 9. Bb5 Be4 10. Nd4 Rc8 11. f3 a6 12. fxe4
axb5 13. Nxb5 e5 14. O-O Nd4 15. exd4 Rxc3 16. bxc3 Be7 $13) (8. g3 Nc6 9. Bg2
Be4 10. O-O e6 11. Be3 $5 $14 {Weiss hat Entwicklungsvorsprung wegen des
schwarzen K�nigs in der Mitte. Der schwarze K�nigsl�ufer hat Probleme
wegen der Schw�che des g7-Bauern.}) 8... Be4 {Ein sehr riskanter Zug, der zu
Verwicklungen f�hrt.} (8... Bd7 $5 9. e4 Nc6 10. Nxc6 Bxc6 11. f3 Rc8 $10) 9.
Bf4 $5 (9. f3 Nc6 (9... e5 10. Nb5 Nc6 11. a3 a6 $15) 10. Nxc6 (10. Nb5 e5 11.
a3 a6 $15) 10... Bxc6 11. e4 Rc8 $10) 9... e5 {Eine interessante Idee. Schwarz
bekommt nach dem Bauernopfer schnelle Entwicklung, aber ich bin nicht
�berzeugt, da� die Kompensation ausreichend ist.} (9... Nc6 $5 10. Nxc6 (
10. Nb5 e5 11. Rd1 (11. Bxe5 Bb4 $19) 11... Qb6) 10... Bxc6 11. Rd1 Qb6 $10)
10. Bxe5 Na6 {Die schwarze Drohung ist 11...Bb4. Auch der Turm kann schnell
nach c8 kommen, aber der Springer steht nicht wirklich gut auf a6.} 11. a3 Rc8
12. Qd2 (12. Qe3 Qd5 $44) 12... Qd5 13. Bg3 Bc5 $44 {Schwarz hat gro�en
Entwicklungsvorsprung und gut zentralisierte Figuren, aber die Lage ist unklar,
denn der Springer steht auf a6 ungl�cklich. Weiss droht mit f2-f3 nebst
e2-e4 Tempi zu gewinnen und seine Entwicklung zu beenden.} 14. Rd1 (14. e3 Bxd4
15. Qxd4 (15. exd4 Rc2 $10) 15... Qxd4 16. exd4 Rc2 $44) 14... O-O (14... Bxd4
$6 15. Qxd4 Qxd4 16. Rxd4 Rc1+ 17. Kd2 (17. Rd1 Rc2 $44 18. Rd2 Rc1+ 19. Rd1
$10) 17... Rc2+ 18. Kd1 Bg6 19. Rd2 $14) 15. f3 Rfd8 (15... Bg6 16. e4 Qh5) 16.
e3 (16. fxe4 Qxd4 17. Qxd4 Bxd4 $15 {Der schwarze L�ufer beherrscht die
Stellung. Wei� hat Entwicklungsprobleme.}) 16... Bxd4 (16... Bg6 17. Be2 $14)
17. Qxd4 Qa5+ $6 (17... Qxd4 $5 18. Rxd4 (18. exd4 Bg6 $44) 18... Rxd4 19. exd4
Bg6 $44) 18. b4 Rxd4 (18... Nxb4 $2 19. axb4 $18) 19. bxa5 Rxd1+ 20. Kxd1 $14 {
Nach den unklaren Verwicklungen hat Wei� hat einen Bauern mehr und das
L�uferpaar. Die wei�en Bauern a3 und a5 sind allerdings schwach und er hat
noch Er�ffnungsprobleme am K�nigsfl�gel.} Rd8+ (20... Bc6 21. e4 $14) (
20... Bg6 21. e4 Rc3 (21... Rc5 22. Be1 $14) 22. Bd6 $14) 21. Ke1 Bd3 22. Kf2
$5 (22. Bxd3 Rxd3 23. Ke2 Rxa3 24. Rb1) (22. Be2 Nc5 (22... Bxe2 23. Kxe2) 23.
Kf2) 22... Bxf1 23. Rxf1 Rd2+ 24. Kg1 f6 {Fr�her oder sp�ter mu� Schwarz
seine Grundreihe befreien.} 25. Rb1 Nc5 26. Rc1 Ne6 {#} 27. a6 $1 {Mit diesem
zeitweiligen Bauernopfer erh�ht Wei� seinen Vorteil. Er tauscht einen der
Doppelbauen gegen einen "gesunden" Bauern.} bxa6 28. Rc6 Kf7 29. Rxa6 $16 Rd1+
(29... Rd7 30. Bb8 $16) 30. Kf2 Rd2+ 31. Kf1 Nc5 32. Rxa7+ {Wei� hat bereits
zwei Mehrbauern und verf�gt �ber gute Gewinnchancen. Die schwarzen Figuren
stehen aktiv, aber der wei�e L�ufer kann das neutralisieren.} Kg6 33. e4
Ra2 (33... Nd3 34. a4 {Trotz der maximalen Aktivit�t seiner Figuren hat der
Schwarze aufgrund des starken wei�en L�ufers g3 nichts.}) 34. Bd6 Ne6 35.
a4 f5 {Schwarz kann die Stellung kaum halten. Er versucht noch diesen
"aktiven" Zug.} 36. Re7 Nd4 (36... Kf6 37. e5+ $18) 37. Be5 $18 Rxa4 38. Rxg7+
{Wei� hat klar zwei Bauern mehr und auch noch Angriffschancen gegen den
schwarze K�nig.} Kh6 39. Rd7 Ra1+ 40. Kf2 Ra2+ {und Schwarz gab diese
hoffnungslose Stellung auf.} (40... Ra2+ 41. Kg3 Ne2+ 42. Kh4 $18 {und es
droht 43.Rd6 matt. Ribli.}) 1-0

[Event "Poikovsky Karpov 02nd"]
[Site "Poikovsky"]
[Date "2001.05.04"]
[Round "4"]
[White "Zvjaginsev, Vadim"]
[Black "Leitao, Rafael Duailibe"]
[Result "1/2-1/2"]
[WhiteElo "2627"]
[BlackElo "2587"]
[Annotator "Ribli,Z"]
[PlyCount "43"]
[EventDate "2001.05.05"]
[EventType "tourn"]
[EventRounds "9"]
[EventCountry "RUS"]
[EventCategory "15"]
[SourceTitle "CBM 084"]
[Source "ChessBase"]
[SourceDate "2001.09.13"]
[SourceVersion "1"]
[SourceVersionDate "2001.09.13"]
[SourceQuality "1"]

1. c4 Nf6 2. Nc3 e6 3. e4 c5 4. Nf3 {Das ist die Lieblingsvariante von
Zvjaginsev. Es handelt sich um dieselbe Stellung wie bei der Sizilianischen
Zugfolge 1.e4 c5 2.Nf3 e6 3.c4 Nf6 4.Nc3.} (4. e5 $5 {Das wäre der eigentliche
Prüfstein der schwarzen Spielweise.}) 4... Nc6 5. Be2 b6 {Das ist eine gute
Möglichkeit für Schwarz, wenn er symmetrische Stellungsbilder - z.B. nach 5...
d5 6.exd5 exd5 7.d4 - vermeiden möchte.} 6. d4 (6. b3 Bb7 7. Bb2 Qb8 $5 8. d3
Be7 9. Qd2 O-O 10. O-O {1/2-1/2 Krasenkow,M-Adams,M/Madrid 1998/CBM 65/[Ribli]
(51)}) 6... cxd4 7. Nxd4 Bb7 8. Bf4 (8. Be3 Qb8 9. f3 Bd6 10. g3 O-O 11. Qd2
Be5 12. O-O Bxg3 13. hxg3 Qxg3+ 14. Kh1 Qh3+ 15. Kg1 Qg3+ {1/2-1/2 Oratovsky,
M-Horvath,J/Lisbon 2000/EXT 2001 (15)}) (8. O-O Qb8 9. Be3 Bd6 10. f4 Nxd4 11.
Qxd4 e5 12. Qd2 O-O 13. Rad1 Bb4 14. Qc2 Bxc3 15. Qxc3 d6 16. Qd3 {1/2-1/2
Huzman,A-Liss,E/Tel Aviv 1999/CBM 71_07 (16)}) (8. Nxc6 $5 dxc6 9. Qxd8+ Rxd8
10. e5 Nd7 11. Bf4 Nc5 12. Rd1 Rxd1+ 13. Kxd1 Be7 14. Kc2 Kd8 15. h4 {1-0
Zvjaginsev,V-Ftacnik,L/Herceg Novi YUG 2001/(41)}) 8... Nxd4 {Diese
Fortsetzung ist solider als das riskante 8...Bb4.} (8... Bb4 9. Ndb5 $1 Nxe4
10. Qc2 $1 {Das ist eine echte Verbesserung des weißen Spiels!} (10. Qd3 Nc5
11. Nd6+ Kf8 12. Qd2 Qf6 13. Rd1 $44 {1/2-1/2 Pavasovic,D-Zvjaginsev,V/
Portoroz 1999/CBM 72/[Ribli] (79)}) 10... Nxc3 11. bxc3 O-O $2 12. cxb4 Qf6 13.
Qc1 $1 Nxb4 14. O-O Qg6 15. f3 e5 16. Bxe5 Rfe8 17. Qc3 {1-0 Onischuk,A-Leitao,
R/Poikovsky RUS 2001/(17)}) 9. Qxd4 Bc5 {Aufgrund der exponierten Stellung der
weißen Dame kann Schwarz die Entwicklung seines Königsläufers mit Tempo lösen.}
10. Qd3 d6 {Schwarz muss sich vor e4-e5 in Acht nehmen.} 11. O-O O-O {Wir
haben eine typische Igelstellung erreicht. Weiß hat Raumvorteil, aber die
schwarze Stellung ist elastisch. Die scheinbare Schwäche in der schwarzen
Stellung ist der Pd6, aber auch der ist leicht zu verteidigen.} 12. Rad1 Qe7
$146 {[%mdl 4] Dieser Zug ist nicht schlechter als die früher - auch von
Zvjaginsev - gespielte Fortsetzung. Die Bauern d6 und e4 sind gleichermaßen
schwach.} (12... e5 13. Bd2 Rc8 14. Bf3 h6 15. Ne2 a5 16. Ng3 Ba6 17. Be2 Bb7
18. Qf3 Kh7 19. Bd3 g6 20. Kh1 Rc7 21. Qe2 Bc8 {1/2-1/2 Rublevsky,S-Zvjaginsev,
V/St. Petersburg 1999/CBM 71_07 (21)}) 13. Bxd6 (13. Bf3 {Aufgrund des aktiven
Bc5 kann Weiß nicht den für diese Stellungen typischen Verteidigungszug f2-f3
spielen.} Rfd8 $11) 13... Bxd6 14. Qxd6 Qxd6 15. Rxd6 Nxe4 16. Nxe4 Bxe4 $11 {
Weiß hat nur einen symbolischen Vorteil, und zwar aufgrund seiner
Bauernmehrheit am Damenflügel. Aber diesen Vorteil ist - bei guter
Verteidigung des Gegners - kaum zu realisieren.} 17. f3 Bb7 18. b4 Rfc8 $1 {
[%mdl 256] Schwarz kontrolliert den Pc4, bereitet den Zug Bc6 vor und leitet
das Königsmanöver Kf8-e7 ein.} (18... Rfd8 $6 19. Rfd1 Rxd6 20. Rxd6 $14) 19.
Rfd1 Kf8 20. Kf2 Bc6 {Schwarz verteidigt sich gegen Rd7 und provoziert
gleichzeitig den Zug 21.b5.} (20... Rc7) 21. f4 (21. b5 $6 {Mit diesem Zug
würde Weiß seine Bauernstellung am Damenflügel schwächen.} Be8 $15 {[%csl Yc5]
Der scheinbar passive Be8 kontrolliert das Eindringungsfeld-d7. Der schwarze
Plan ist klar - nach 22...Ke7 werden die Türme mit Rd8 abgetauscht .}) 21...
Ke7 {Schwarz hat nun eine Drohung - 22...Bd5.} 22. Rxc6 {Und hier wurde die
Partie Remis gegeben - Weiß hat keinen Vorteil.} (22. Rxc6 Rxc6 23. Bf3 Rac8
24. Bxc6 Rxc6 25. Rd4 b5 $5 26. cxb5 (26. c5 Ra6 27. Rd2 Ra4 28. Rb2 Kd7 29.
Ke3 Kc6 $15 {[%csl Gc6]}) 26... Rc2+ 27. Kf3 Rxa2 28. Rc4 $11) 1/2-1/2

[Event "Sigeman & Co 11th"]
[Site "Malmo"]
[Date "2003.05.03"]
[Round "5"]
[White "Hillarp Persson, Tiger"]
[Black "Sutovsky, Emil"]
[Result "1/2-1/2"]
[WhiteElo "2474"]
[BlackElo "2652"]
[Annotator "Ribli,Z"]
[PlyCount "88"]
[EventDate "2003.04.29"]
[EventType "tourn"]
[EventRounds "9"]
[EventCountry "SWE"]
[EventCategory "13"]
[SourceTitle "CBM 095"]
[Source "ChessBase"]
[SourceDate "2003.07.25"]
[SourceVersion "1"]
[SourceVersionDate "2003.07.25"]
[SourceQuality "1"]

1. Nf3 Nf6 2. c4 c5 3. Nc3 d5 4. cxd5 Nxd5 5. e4 Nb4 {Dieser Zug fuehrt zu
scharfem Spiel. Ich bemerke, dass statt dieser Fortsetzung auch 5...Nxc3
moeglich ist.} 6. Bc4 (6. Bb5+) 6... Nd3+ 7. Ke2 Nf4+ 8. Kf1 Be6 {Dieser Zug
ist ein seltener Gast in der Turnierpraxis. Nach meiner persoenlichen Meinung
bietet dieser Lauferzug Schwarz wenige Chancen auf Ausgleich. Die gewoehnliche
Fortsetzung ist 8...Ne6.} (8... Ne6 9. b4 $5 g6 10. bxc5 Bg7 11. Bxe6 Bxe6 12.
d4 Nc6 13. Be3 Bc4+ 14. Kg1 Qa5 15. Rc1 O-O-O 16. Nb1 Qa6 17. d5 f5 18. Rxc4
Qxc4 19. Nbd2 {1-0 Vallejo Pons,F-Leko,P/Linares ESP 2003/(43)}) (8... Nc6 9.
d4 cxd4 10. Bxf4 dxc3 11. Qb3 $16) 9. Bb5+ Bd7 10. d4 {Weiss hat grossen
Entwicklungsvorsprung.} cxd4 11. Bxd7+ {Dieser Zug ist nicht schlecht, aber
auf diese Weise hilft Weiss dem Gegner in der Entwicklung. Die Alternative 11.
Nxd4 scheint mir logischer.} (11. Nxd4 Ng6 (11... e5 12. Bxf4 exf4 13. Qh5
Bxb5+ 14. Qxb5+ Nd7 15. Rd1 Qb6 16. Nd5 {1-0 Chytilek,R-Langner,L/CZE 1997/EXT
98 (42)}) 12. Be3 e6 13. Qb3 (13. Qa4 Be7 14. Rd1 Ne5 15. Bf4 Bf6 16. Nf3 Nxf3
17. Bxb8 Nd4 18. Bxd7+ Qxd7 19. Qxd7+ Kxd7 20. e5 Raxb8 {1-0 Berg,D-Werbeck,T/
Germany 1996/GER (20)}) 13... Be7 14. Rd1 Qc8 15. Rc1 Qd8 16. g3 Na6 17. Nf3
O-O 18. Kg2 Bxb5 19. Nxb5 Qb8 20. Rhd1 $14 {0-1 Benko,P-Peters,J/Lone Pine
1978/MCL (51)}) 11... Nxd7 12. Nxd4 $14 e5 (12... Ng6 13. Be3 e6 14. Ndb5 $14)
13. Bxf4 (13. Nf5 $14) 13... exf4 14. Qe2 {[%cal Ga1d1,Gd1d8]} (14. Nf5 $14) (
14. Qd2 $5) 14... Bc5 15. Rd1 Bxd4 (15... O-O 16. Nf5 {[%csl Rd7][%cal Rd1d8,
Ge2b5,Ge2g4]} g6 17. Qb5 gxf5 18. Rxd7 $16) 16. Rxd4 Qb6 (16... O-O $4 17. Qd2
$18) 17. Rd1 (17. Nb5 Ne5 18. Rd5 f6 19. Nd6+ Kf8 $14) 17... Rd8 18. Nd5 Qd6
19. g3 $1 {[%mdl 32] Auf diese Weise tauscht Weiss den schwachen f4-Bauern,
aber im folgenden wird die h-Linie geoeffnet und Weiss kann seine
Koenigsstellung verbessern.} (19. Qg4 O-O 20. Qxf4 (20. Nxf4 Qe5 $132) 20...
Qa6+ {[%cal Ra6f1,Ra6a2]}) 19... fxg3 20. hxg3 O-O 21. Qh5 h6 22. Qf5 Rfe8 23.
Kg2 {[%csl Gd5][%cal Gd1d8] Weiss hat die aktivere Figurenstellung - besonders
der d5N steht stark.} Qe5 $1 {[%mdl 256] Schwarz tauscht die Damen, wonach er
sich viel leichter verteidigen kann.} 24. Qxe5 Nxe5 (24... Rxe5 25. Rd4 $16 {
[%cal Gf2f4,Gh1d1,Gd1d8]}) 25. b3 {Mit diesem Zug verhindert Weiss die
Moeglichkeit Nc4.} (25. f4 Nc4 26. b3 Rxd5 $1) 25... Nc6 26. Rhe1 {Weiss hat
einen kleinen Positionsvorteil wegen seiner d5-Springerstellung.} Re6 (26... f5
$5) 27. f4 Red6 {[%cal Gd8d1]} 28. Re2 Nb4 (28... f5 $5 29. Red2 Kf7 (29...
fxe4 30. Ne7+ $16) 30. e5 R6d7 $11) 29. Kf3 Kf8 (29... Nxd5 30. Red2 Kf8 31.
exd5 Ke7 $11) 30. Red2 f5 (30... Nxd5 31. exd5 Ke7 $11) 31. a3 fxe4+ 32. Kxe4
Nc6 (32... Nxd5 33. Rxd5 Rxd5 34. Rxd5 Rxd5 35. Kxd5 Ke7 36. a4 $16 {[%csl Gd5,
Re7]}) 33. Rd3 Na5 34. f5 Kf7 35. Rc3 (35. g4 $14) 35... Nc6 36. Rcd3 Re8+ 37.
Kf4 Ne5 38. Rd4 g5+ $1 $11 {Mit diesem guten Zug befreit sich Schwarz von dem
weissen positionellen Druck.} 39. fxg6+ Nxg6+ 40. Kf3 Red8 {Weiss steht
scheinbar aktiver, aber er hat schon keinen Vorteil mehr. Interessanterweise
ist der frueher starke d5-Springer jetzt gefesselt.} 41. Ke3 Ne5 42. Nc3 Ng4+ (
42... Rxd4 43. Rxd4 Rxd4 44. Kxd4 Ke6 $11) 43. Rxg4 Rxd1 44. Nxd1 Rxd1 1/2-1/2

[Event "Bled/Rogaska Slatina"]
[Site "Bled"]
[Date "1991.??.??"]
[Round "7"]
[White "Djuric, Stefan"]
[Black "Grosar, Aljosa"]
[Result "1-0"]
[WhiteElo "2540"]
[BlackElo "2370"]
[Annotator "Ribli,Z"]
[PlyCount "63"]
[EventDate "1991.06.??"]
[EventType "tourn"]
[EventRounds "13"]
[EventCountry "SLO"]
[EventCategory "12"]
[SourceTitle "CBM 024"]
[Source "ChessBase"]
[SourceDate "1991.10.01"]
[SourceVersion "1"]
[SourceVersionDate "1991.10.01"]
[SourceQuality "1"]

1. Nf3 Nf6 2. c4 c5 3. Nc3 d5 4. cxd5 Nxd5 5. e3 Nxc3 6. bxc3 g6 7. Qa4+ (7. d4
Bg7 8. Bd3 O-O 9. O-O Qc7 10. Qe2 b6 11. Rd1 Bb7 12. e4 $14 {Tal,M-Lin Ta
Manila izt 1990 CBM/19}) 7... Nd7 8. h4 h5 (8... h6 $5 9. h5 g5 10. Ne5 Bg7 11.
d4 O-O 12. Nxd7 Bxd7 13. Bb5 Bg4 14. f3 Be6 $10 {Keres-Polugaevsky URS 1968 6/
87}) 9. Ba3 Qc7 10. Bc4 Bg7 11. Rh3 O-O 12. Rg3 Nb6 13. Qa5 $1 Bf5 14. Be2 Rac8
15. Kf1 Rfd8 16. d4 Nd7 17. Qxc7 Rxc7 18. Ng5 cxd4 19. exd4 Nb6 20. Re1 e6 21.
Bc5 Na4 22. Bb4 Rdc8 23. Bf3 b6 (23... Nxc3 $1 $15) 24. d5 a5 25. dxe6 axb4 26.
exf7+ Kf8 27. Nh7+ Kxf7 28. Bd5+ Be6 29. Bxe6+ Ke7 30. Bxc8+ Kd8 31. Be6 bxc3
32. Rd3+ 1-0